000 01666nam a2200457Ia 4500
001 sjds1131721
003 sjds
005 20220718134229.0
008 901113t19881988nyua j 000 1 spa d
010 _a 90061306
020 _a0140542523 (pbk.)
020 _a9780140542523 (pbk.)
035 _a(OCoLC)22682816
040 _aSVP
_cSVP
_dUtOrBLW
041 1 _aspa
_heng
049 _aIFAA
099 _f1988
100 1 _aFreeman, Don,
_d1908-1978,
_eauthor.
245 1 0 _aCorduroy /
_cescrito e ilustrado por Don Freeman.
250 _aEdicion Española.
260 _aNew York :
_bPuffin Books,
_cc1988
264 1 _aNew York :
_bPuffin Books,
_c[1988]
264 4 _cc1988
300 _a28 unnumbered pages :
_bchiefly color illustrations ;
_c18 x 23 cm.
336 _atext
_btxt
_2rdacontent
337 _aunmediated
_bn
_2rdamedia
338 _avolume
_bnc
_2rdacarrier
490 1 _aPicture Puffins
520 0 _aA toy bear in a department store wants a number of things, but when a little girl finally buys him he finds what he has always wanted most of all.
520 _aUn oso de felpa en una juguetería de una tienda grande quiere más que alguien venga y se lo lleve a casa.
521 8 _a600
_bLexile
526 0 _aAccelerated Reader
_bLG
_c3.5
_d0.5
_z5464
650 0 _aCorduroy (Fictitious character)
_vJuvenile fiction.
650 0 _aTeddy bears
_vJuvenile fiction.
650 0 _aToys
_vJuvenile fiction.
650 7 _aCorduroy (Personaje literario)
_vNovela juvenil.
_2local
650 7 _aJuguetes
_vNovela juvenil.
_2bidex
650 7 _aOsos de felpa
_vNovela juvenil.
_2bidex
830 0 _aPicture Puffins.
942 _cBK
999 _c17386
_d17386